| 000 | 00992nam0a22002531 4500 | ||
|---|---|---|---|
| 001 | rc\2916029 | ||
| 005 | 20250529223519.0 | ||
| 035 | _a(NLR Aleph) 007066437 | ||
| 090 |
_a6337344 _c6337344 |
||
| 100 | _a20110810d1939 |||y0rusy50 ca | ||
| 101 | 0 | _arus | |
| 102 | _aRU | ||
| 105 | _ay z ||||| | ||
| 200 | 1 |
_aПротокол Пленума куйбышевского райсовета р. к. и к. д. _fПрезидиум Куйбышевск. район. совета р. к и к. д. |
|
| 210 |
_aЛенинград _cБ. и. _d1939 |
||
| 215 | _d20 см | ||
| 300 | _aВ Библиотеке имеется это издание за годы 1939 | ||
| 300 | _aПеречень номеров смотри на регистрационной карточке | ||
| 710 | 0 | 1 |
_aЛенинград _bКуйбышевский район _bСовет р. к и к. д. |
| 801 | 0 |
_aRU _bNLR _gpsbo |
|
| 801 | 1 |
_aRU _bELAR _2rusmarc |
|
| 852 |
_aNLR _jП47/602 |
||
| 942 | _cBOOK | ||
| 980 | _aNB | ||